00705nam a2200205Ia 4500003000900000008004100009020001800050040001600068080001600084110003500100245012700135250001300262260004400275300001100319650003600330650001900366942000700385999001500392952009200407IN-BaIIA211028s9999 xx 000 0 eng d a0-85229-413-1 cIIA Library a031bEBR-19 aEncyclopedia Britannica910946 4aThe New Encyclopaedia Britannica in 30 volumes : Micropaediabvol. XIX, Ready Reference and IndexcEncyclopedia Britannica a15th ed. aChicagobEncyclopaedia Britannicac1984 a1180p. aEncyclopedia-Macropaedia913722 aNASA Thesaurus cBK c8168d8168 00104070aBANbBANcGENd1985-03-19l0o031/ EBR-19p9007r2021-11-05w1985-03-19yBK